Natures et fonctions en grammaire française - Statistiques

Statistiques générales
  • Ce quiz a été pris 1 601 fois
  • Le résultat moyen est 12 sur 17
Statistiques - réponses
% Correct
Verbe
95%
verbe
95%
Adjectif
92%
adverbe
92%
Nom
92%
COD
84%
COI
83%
Déterminant
81%
Pronom
81%
sujet
81%
conjonction de coordination
70%
préposition
68%
conjonction de subordination
56%
complément circonstanciel
49%
complément du nom
48%
attribut du sujet
43%
onomatopée et interjection
36%
Aucun quiz correspondant
Distribution des résultats
% des personnes avec chaque résultat
Percentile par nombre de réponses
Votre historique - résultats
Vous n’avez pas pris ce quiz